[Event "United Insurance 4th"]
[Site "Dhaka"]
[Date "1999.02.26"]
[Round "8"]
[White "Short, Nigel D"]
[Black "Neelotpal, Das"]
[Result "0-1"]
[WhiteElo "2697"]
[BlackElo "2436"]
[Annotator "Psakhis,L"]
[PlyCount "52"]
[EventDate "1999.02.19"]
[EventType "tourn"]
[EventRounds "13"]
[EventCountry "BAN"]
[EventCategory "10"]
[SourceTitle "CBM 070"]
[Source "ChessBase"]
[SourceDate "1999.06.08"]
[SourceVersion "1"]
[SourceVersionDate "1999.06.08"]
[SourceQuality "1"]

1. e4 {Kortschnoj} e6 2. d4 d5 3. Nc3 Bb4 4. e5 c5 5. a3 Bxc3+ 6. bxc3 Ne7 7.
Qg4 {In 8th round Short played against Shulman} (7. Bd3 {but without big
success}) 7... Qc7 8. Qxg7 Rg8 9. Qxh7 cxd4 10. Kd1 {Last years almost
everyone played in this position 10.Ne2, but Nigel nowdays doesn,t like follow
mainstream lines and very often choose rare variations with let say not
perfect reputations, sometimes it works, but not in this game!} dxc3 ({Another
possible continuation could be} 10... Nd7 11. Nf3 Nxe5 {for example} 12. Bf4
Qxc3 13. Nxe5 Qxa1+ 14. Bc1 Rf8 15. Bd3 Bd7 16. Re1 Nc6 17. Nxf7 Rxf7 18. Bg6
O-O-O 19. Qxf7 e5 20. Ke2 e4 21. Kf1 Qc3 $13 {with crazy position}) 11. Nf3
Nbc6 12. Ng5 ({Black hasn,t too many problems after} 12. Bf4 Qb6 $5 ({deserves
attention and} 12... Bd7 13. Ng5 O-O-O $5 14. Nxf7 Rdf8 15. Rb1 Nf5 16. Nd6+
Nxd6 17. exd6 Qd8 18. Bg3 e5 19. Qd3 d4 20. Be2 Qg5 $13 {with complicated game
1/2-1/2 Thipsay,P-Levitt,J/BCF-ch 1985/}) 13. Be3 (13. Bg3 Bd7) 13... Qb2 14.
Rc1 Bd7 15. h4 {[%cal Gh4h7]} (15. Bc5 O-O-O 16. Qd3 Nf5 17. g3 Rg4 18. h4 Rc4
19. Be3 Re4 20. Bg5 Rg8 21. Bf6 Qxa3 22. Bh3 Nb4 23. Qxe4 (23. Qf1 Na2 24. Rb1
Rb4) 23... dxe4 24. Bxf5 exf5 {0-1 Bauer-Schmidt/DDR 1988 (24)}) 15... O-O-O $1
16. Bd3 $1 (16. Qxf7 Rdf8 17. Qh7 Nf5 $1) (16. Bg5 Qxa3) 16... Nf5 $1 (16...
Rxg2 17. Ke2 $1 $13) 17. Bxf5 (17. Bg5 $1 Rh8 $1) 17... exf5 {and black
chances are higher, for example} 18. Qxf7 Rgf8 $1 (18... Rdf8 19. Qxd5 $1) (
18... d4 19. Bg5 d3 20. Qb3) 19. Qg6 (19. Qg7 d4 {/\ d3-/+}) 19... d4 20. Bg5
d3 $1 21. cxd3 (21. Bxd8 d2 $1 $19) 21... Ne7 $1 22. Qh6 (22. Bxe7 Ba4+) 22...
Bb5 $1 {/\ 23... Rd3 24. Ke1 Rd1} 23. Bd2 Kb8 $1 24. Rxc3 Nd5 $1 25. Rc1 Qb3+ {
0-1 Steil,J-Farago,I/Budapest 1986/} (25... Qb3+ 26. Ke1 Qxd3)) 12... Nd8 {
N/ New and interesting move, but according to theory black is ok and after
'N!?' Kortschnoj. Kortschnoj: 'Up to now 12...Rf8 or 12...Qe5 were considered
obligatory for black.'} (12... Nxe5 13. f4 Rxg5 14. fxg5 N5g6 (14... N5g6 $5
15. h4 e5 $1 16. h5 Nf8 17. Qg7 Bg4+ 18. Ke1 O-O-O 19. Qxf7 Bf5 (19... Ne6 20.
Be2 Bf5 21. Rf1 Rf8 22. Qxe6+ Bxe6 23. Rxf8+ Kd7 $132 {1/2-1/2 Krstev,
K-Lehikoinen,P/corr 1985 (36)}) 20. Rh4 Ne6 21. g4 e4 22. Kf2 Rf8 23. Qxf8+
Nxf8 24. gxf5 Nxf5 25. Rf4 Qe5 {0-1 Stein,B-Farago,I/Lugano op 1985 (31)})) ({
or} 12... Qxe5 13. Qxf7+ Kd7 14. Bf4 Qd4+ 15. Ke1 e5 16. Be3 Qg4 17. Be2 Qf5
18. g4 Qxc2 19. Nh7 Kc7 20. Nf6 Rd8 21. Bf3 d4 22. Bxc6 dxe3 23. Qxe7+ Kxc6 24.
Qxd8 Qxf2+ {0-1 Busquets,L-Ivanov,I/Irvine op 1997 (24), funny what Nigel
preper in this lines or it was just bluff from his side?}) 13. f4 Bd7 {[%cal
Gc7c5,Gd7b5]} 14. h4 {White knight and queen are very active , but it's very
difficult for them to fulfill development and Nigel decided to to push h-pawn
- his main trump card.} ({Or} 14. Be3 {Kortschnoj} Rxg5 15. fxg5 Qxe5 {with
compensation.}) 14... Qc5 15. h5 Bb5 16. Bxb5+ (16. Bd3 $5) 16... Qxb5 17. h6 {
[%cal Rh7g8] From the first look you can get illusion, that white is winning
already but it is not truth.} (17. Qd3 {Kortschnoj would be more circumspect,
but here white still has not had any suspicion on approacing dangers.}) 17...
Rg6 $1 {[%csl Rh7]} 18. f5 $2 (18. Qh8+ $5 Kd7 19. h7 (19. Qf8 {Kortschnoj}
Ndc6 $1 20. Qxa8 Rxh6 21. Re1 Rh2 {and black develops a devastating attack.})
19... Rh6 $1 20. Rg1 (20. Re1 Rh2 (20... Rh2 21. Be3 (21. Nf3 Rxg2 22. Nd4 Ndc6
$1 23. Qg8 Nxg8 24. hxg8=Q Raxg8 25. Nxb5 d4 {black is winning.}) 21... Nf5 22.
Qf8 Qf1)) 20... Qc4 $40) 18... Nxf5 $1 19. Qh8+ (19. Qxg6 fxg6 20. h7 Nf7 21.
h8=Q+ Nxh8 22. Rxh8+ Kd7 $19) 19... Kd7 20. h7 Rh6 $1 {Kortschnoj: 'Winning
move!'} 21. Re1 (21. Nh3 Rh4 {[%cal Gh4d4]} 22. Qg8 Nd4 23. Re1 Qa4 24. Re2
Nxe2 $19) 21... Rh2 $19 22. Nxe6 (22. Qg8 Rxg2 {[%cal Rb5d3]}) 22... Nxe6 23.
Qxa8 Rxg2 $1 {Nice move,} 24. Ra2 ({white can,t play now} 24. h8=Q {because of}
Qd3+ $3 25. cxd3 c2#) 24... Ne3+ $1 {Final blow!} 25. Bxe3 Qb1+ 26. Bc1 Rd2# {
Terrible defeat recent challenger for chess crown!} 0-1

[Event "Asia-ch 4th"]
[Site "Doha"]
[Date "2003.02.27"]
[Round "6"]
[White "Neelotpal, Das"]
[Black "Villamayor, Buenaventura"]
[Result "1-0"]
[WhiteElo "2406"]
[BlackElo "2489"]
[Annotator "Psakhis,L"]
[PlyCount "93"]
[EventDate "2003.02.22"]
[EventType "swiss"]
[EventRounds "9"]
[EventCountry "QAT"]
[SourceTitle "CBM 094"]
[Source "ChessBase"]
[SourceDate "2003.05.26"]
[SourceVersion "1"]
[SourceVersionDate "2003.05.26"]
[SourceQuality "1"]

1. e4 e6 2. d4 d5 3. Nc3 Bb4 4. e5 c5 5. a3 Bxc3+ 6. bxc3 Qc7 7. Qg4 f5 8. Qg3
cxd4 9. cxd4 Ne7 10. Bd2 O-O 11. Bd3 b6 12. Ne2 Ba6 13. Nf4 Qd7 14. h4 Bxd3 15.
Qxd3 Nbc6 {This rather mechanical move is not the most accurate} (15... Rc8
$142 $5 16. Rh3 Rc4 17. Rg3 Nbc6 18. c3 Rf8 19. Ke2 Rf7 20. Kf1 Ra4 21. Qc2 Rc4
22. Qd1 Nd8 $13 {1/2-1/2 Gofstein,L-Psakhis,L/ISR t-ch 1998 (45)}) 16. Rh3 Rf7
17. Rg3 Rc8 18. Kf1 $1 $146 {A strong novelty, putting Black's variation in
doubt!} (18. Rb1 Kh8 19. h5 Nd8 20. Bb4 Nec6 21. Kd1 Nxb4 22. axb4 Rc4 23. c3
Qc8 $13 {Belaska,P-Kacirek,P/CZE Extraliga 0203 2003/1-0 (46)}) ({Easy to play
with black in the case of} 18. h5 Nd8 19. c3 Qa4 $5 $13 {Kasparov} (19... Rf8
20. Kf1 Rc4 21. Kg1 Nf7 22. a4 Rfc8 23. Qb1 Nc6 24. Qd1 Ne7 25. h6 g6 26. Qh5
$40 {1-0 Kasparov,G-Short,N/Novgorod 1997/(31)})) 18... Nd8 19. Kg1 Qa4 20. c3
{This is a very typical position, which is still not so easy to assess
precisely. Maybe with correct play Black can hold it, but the defence is not
easy} Qc4 (20... Qb3 21. Nh5 Ng6 22. Nf6+ gxf6 23. h5 $40 {Kasparov,G}) 21. Qf3
{Surely that White doesn't want to exchange queens!} Qb3 22. Nh5 {
Unfortunately for Black, the residence of his monarch isn't safe, which White
proves energetically} Ng6 (22... Qb2 23. Rd1 Qxa3 24. Bh6 Ng6 25. Nxg7 $40) 23.
Nf6+ $1 gxf6 24. h5 fxe5 25. hxg6 hxg6 26. Rxg6+ {Exposed position of the
black king, doesn't give him to many hopes for survival.} Kf8 (26... Rg7 27.
Qg3 $1 Rxg6 (27... Rcc7 28. Bh6 $1) 28. Qxg6+ Kf8 29. c4 $1 $18) 27. Qh5 (27.
Bg5 $5 Qb2 28. Re1 $1 $40 Rxc3 $140 $2 29. Qh5 $18) 27... f4 $8 28. Qxe5 $16
Qc2 29. Qd6+ Re7 30. Qxf4+ (30. Rg8+ $5 Kxg8 31. Qxe7 Qxd2 $140 32. Qe8+ Kg7
33. Qd7+ $18) 30... Ke8 31. Rg8+ Kd7 32. c4 $1 {[%cal Gd2b4] Decisive
breakthrough!} Qf5 ({There wasn't a rescue in} 32... Qb2 33. Re1 Rxc4 34. Bb4
Rxb4 35. axb4 Nc6 (35... Qxb4 36. Rxd8+ $1 Kxd8 37. Qb8+ Kd7 38. Rc1 $18) 36.
Rc1 $18) 33. Qxf5 exf5 34. cxd5 $18 {[%cal Gd2b4,Gd2g5] White has now both and
positional and material advantage, so rest is quite simple.} Nb7 35. Rxc8 (35.
Rg5 $5 Nd6 36. Bf4) 35... Kxc8 36. Rc1+ Kd7 37. Bf4 {[%csl Gc1,Gf4]} Nd6 38.
Be5 b5 {[%cal Gd6c4]} 39. f4 (39. Rc5 $5) 39... Nc4 40. a4 a6 $8 41. axb5 axb5
42. Rb1 Ke8 (42... Nd6 $5) 43. Rxb5 Ra7 44. d6 Kd7 45. Rc5 {[%cal Gc5c7]} Ra1+
46. Kh2 Ne3 47. Rc7+ 1-0

[Event "FIDE-Wch k.o."]
[Site "Las Vegas"]
[Date "1999.08.04"]
[Round "2.2"]
[White "Fedorov, Alexei"]
[Black "Gulko, Boris F"]
[Result "1-0"]
[WhiteElo "2659"]
[BlackElo "2618"]
[Annotator "Psakhis,L"]
[PlyCount "67"]
[EventDate "1999.07.31"]
[EventType "k.o."]
[EventRounds "7"]
[EventCountry "USA"]
[SourceTitle "CBM 072"]
[Source "ChessBase"]
[SourceDate "1999.10.01"]
[SourceVersion "1"]
[SourceVersionDate "1999.10.01"]
[SourceQuality "1"]

1. e4 e6 2. d4 d5 3. Nc3 Bb4 4. e5 c5 5. a3 Bxc3+ 6. bxc3 Ne7 7. Nf3 Qa5 8. Bd2
Nbc6 9. h4 cxd4 10. cxd4 Qa4 11. h5 $5 {Interesting and dangerous for black
pawn sacrifice was introduced into practice by Garry Kasparov in famous game
against Anand in Linares 1992.Others moves doesn,t promised to white any
advantage, for example} (11. c3 Qxd1+ 12. Kxd1 Na5 13. Rb1 b6 14. h5 h6 15. g4
Bd7 16. Bb5 Bxb5 17. Rxb5 Rc8 $15 {0-1 Seidel,P-Poldauf,D/Berlin op 1998 (33)})
11... Nxd4 12. Bd3 Nec6 13. Kf1 $5 Nf5 (13... Bd7 14. h6 g6 15. Rh4 f6 16. exf6
e5 17. Bc3 $16 {1-0 Romaszko,S-Riemelmoser,O/Graz op 1998 (42)}) ({White got
enough compensation for pawns after} 13... Nxf3 14. Qxf3 Qd4 (14... b6 $143 $6
15. h6 Ba6 16. hxg7 Rg8 17. Bxa6 Qxa6+ 18. Kg1 Rxg7 19. Qf6 Rg8 20. Rxh7 $16 {
1/2-1/2 Kasparov,G-Anand,V/Linares 1992/Inf 54 (34)}) 15. Re1 Nxe5 16. Qg3 Nxd3
17. cxd3 Bd7 18. Rh4 Qb2 19. Bc1 Qc3 20. Rb4 b6 21. Bb2 $44 {1/2-1/2
Fedorowicz,J-Filatov,L/Capelle la Grande 1995 (58)}) 14. Kg1 {Rare move,
ussualy white played} (14. Bxf5 exf5 15. h6 {but after very strong move} Rg8 $1
{black position is nice, for example} (15... gxh6 16. Rxh6 Be6 17. Bg5 Rc8 18.
Rh4 Qa6+ 19. Kg1 Rg8 20. Rxh7 Kd7 21. Rc1 Kc7 22. c4 d4 {1/2-1/2 Fedorowicz,
J-Yermolinsky,A/Saint Martin op 1993 (22)}) 16. Bg5 Be6 17. Rh4 Qa6+ 18. Kg1
gxh6 19. Bf6 Rg4 $1 $15 {1/2-1/2 Hellers,F-Gulko,B/Biel (izt) 1993/ (33)}) (14.
h6 $5 g6 15. Bg5 O-O 16. Bxf5 exf5 17. Rh4 Qa6+ 18. Kg1 Be6 19. Bf6 Rac8 20.
Qd2 $36 {1-0 Folk,P-Kotek,D/CZE t-ch 1997 (31)}) 14... Qg4 $5 $146 {Strong
novelty, in only game where white played 14.Kg1 black responce was much weaker-
} (14... b6 $6 15. Qe2 Bd7 16. Bxf5 exf5 17. Rh4 d4 18. c3 h6 19. Nxd4 Nxd4 20.
Rxd4 Qb5 21. Qf3 O-O 22. a4 Qb2 23. Qd1 Rad8 24. Rb4 Bxa4 25. Rxb2 Bxd1 26.
Rxd1 {1-0 Lau,R-Bukal,V/Dortmund op 1993 (26)}) 15. Qe2 ({After} 15. h6 Rg8 $5
{[%cal Gg8g2] black can organized strong preassure on g line}) 15... f6 16. h6
fxe5 ({Again deserves attention} 16... Rg8 $5) 17. hxg7 Rg8 18. Rxh7 e4 19. Ng5
$8 Qxe2 20. Bxe2 Rxg7 (20... Ke7 $5) 21. Rh8+ Ke7 {[%csl Rg5][%cal Re4e3]} 22.
f4 $8 exf3 $6 {After the game Boris Gulko was very disappointed in this move
and claimed that he had to play} (22... b6 {[%cal Gc8b7] and really black keep
at least equal chances, for example} 23. Ba6 (23. Bb4+ Nxb4 24. axb4 Nd4 25.
Ba6 $140 Bb7) 23... Kd7 (23... Nd6 24. Bc3 $5) 24. Nxe6 $5 Bxa6 25. Nxg7 Rxh8
26. Nxf5 Ke6 $15) ({Deserves attention also} 22... e5 $5 23. Bg4 Nd6 {but i am
not sure that possible blame move in the text as main reason of defeat.}) 23.
Bxf3 Nfd4 24. Bh5 b6 (24... Kd7 $5 25. Re1 e5 26. c3 Nb3) 25. Re1 e5 26. c3 Nb3
27. Bf4 Bb7 28. Rh6 ({Fedorov could play} 28. Bxe5 {with force draw after} Nxe5
29. Rxe5+ Kf6 30. Rxa8 Bxa8 31. Nf3 $8 d4 $5 32. cxd4 Nxd4 33. Re3 $11) 28...
Rag8 ({Why not} 28... Nc5 29. Bxe5 Nxe5 30. Rxe5+ Kd7 $11 {with equal chances})
29. Bxe5 Rxg5 $6 ({In big time troubles Gulko missed} 29... Nxe5 $1 30. Rxe5+
Kd7 31. Bg4+ Kc7 32. Ne6+ $140 Kd6 $13 {with complicated game.}) 30. Rh7+ Ke6
$2 {Final mistake, now black lose immediately} (30... Kd8 $142 31. Bf6+ Kc8 32.
Bxg5 Rxg5 33. Re8+ Nd8 34. Bf7 $5 $16) 31. Bh2+ $18 {[%csl Ge1,Re6,Gh2,Gh5,Gh7]
} Ne5 (31... Re5 32. Bxe5 Nxe5 33. Bf7+ Kf6 34. Bxg8 $18) 32. Bf7+ Kf6 33. Rf1+
Ke7 34. Bxg8+ 1-0